000 00507nam a22001817a 4500
005 20260219080341.0
008 260219b |||||||| |||| 00| 0 eng d
020 _a978-621-8179-53-0
082 _aFil. 641.815 A657 2023
100 _aAquino, Karol
_9289
245 _aBread and pastry /
_cKarol Aquino
260 _aManila:
_bEDRIC Publishing House,
_cc2023
300 _a110p.:
_bill.
504 _aIncludes bibliographies
541 _e7930 c.1, 7931 c.2
650 _aBread
_9290
650 _aPastry
_9291
999 _c2527
_d2527